000
00308nam a2200121 a 4500
005
20140414131916.0
008
101019s19uu xx 00 eng d
050
_a
ER
_b
Is1 1997
100
_a
Marzollo, Jean
245
_a
I spy :
_b
little book.
260
_a
New York :
_b
Scholastic ,
_c
1997.
999
_c
111482
_d
111482